Boston Slang - Statistics

General Stats
  • This quiz has been taken 4 times
  • The average score is 11 of 20
Answer Stats
Hint Answer % Correct
Drinking fountain Bubbler
100%
Very Wicked
100%
Turn signal Blinker
75%
TV remote Clicker
75%
Dunkin' Donuts Dunks
75%
Chocolate sprinkles Jimmies
75%
Liquor store Packie
75%
State Trooper Statie
75%
U-turn Uey
75%
Traffic circle Rotary
50%
The garden TD Garden
50%
Boston's subway system The T
50%
Someone from New England Yankee
50%
The cape Cape Cod
25%
Cumberland Farms Cumby's
25%
Milkshake Frappe
25%
Handbag Pocketbook / Pockabook
25%
Soda Tonic
25%
"I swear" On dead dogs
0%
Nor'easter Winter storm
0%
No matching quizzes found
Score Distribution
Percent of People with Each Score
Percentile by Number Answered
Your Score History
You have not taken this quiz